000 00528nam a2200217Ia 4500
003 OSt
005 20220928142107.0
006 a|||||r|||| 00| 0
007 ta
008 220927b |||||||| |||| 00| 0 eng d
024 _a18459
037 _cTextual
040 _aSDCL
_cSDCL
_beng
041 _2eng
_aeng
082 _aO15:gxE89,1, M6
100 _aHemachandra
_9401337
245 0 _aKavyanusasana.
260 _c1986
942 _hO15:gxE89,1, M6
_cTEXL
_2CC
999 _c820692
_d820692